La mujer en el derecho civil
Guardat en:
| Autor principal: | |
|---|---|
| Format: | Llibre |
| Idioma: | espanyol |
| Publicat: |
Pamplona
Universidad de Navarra
1970
|
| Matèries: | |
| Etiquetes: |
Afegir etiqueta
Sense etiquetes, Sigues el primer a etiquetar aquest registre!
|
MARC
| LEADER | 00000nam a2200000 a 4500 | ||
|---|---|---|---|
| 001 | UCY6589 | ||
| 003 | CL-VaPUC | ||
| 008 | 950529e19700000SP |||||||||||||||||spa|d | ||
| 082 | 0 | 4 | |a 346.013 |b MAR |2 21 |
| 100 | |a Marsá Vancells, Plutarco |e autor |9 336594 | ||
| 245 | 1 | 3 | |a La mujer en el derecho civil |
| 300 | |a 492 p | ||
| 942 | |c BK | ||
| 945 | |d 19950529 00:00:00 |a aalvarez | ||
| 260 | |a Pamplona |b Universidad de Navarra |c 1970 | ||
| 650 | 0 | |a Derechos de la mujer |9 257074 | |
| 583 | |a last modification |c 19950529 00:00:00 |k Rodrigo Vera | ||
| 999 | |c 234145 |d 234143 | ||
| 952 | |0 0 |1 0 |4 0 |6 346_013000000000000_MAR_1970 |7 0 |8 A |9 240168 |a BIBDER |b BIBDER |d 2019-11-18 |i 200061K |o 346.013 MAR 1970 |p 200061K |r 2023-01-25 |w 2019-11-18 |y BK |k DER | ||